Wszystkie miasta w opolskim poniżej 10000 mieszkańców - Statystyki

Ogólne statystyki
  • Ten quiz został rozwiązany 12 razy
    7 od ostatniego zresetowania
  • Średni wynik to 22 z 25
Statystyki odpowiedzi
Powiat Miasto % Poprawnych
prudnicki Biała
100%
oleski Dobrodzień
100%
prudnicki Głogówek
100%
krapkowicki Gogolin
100%
głubczycki Kietrz
100%
strzelecki Kolonowskie
100%
strzelecki Leśnica
100%
brzeski Lewin Brzeski
100%
oleski Olesno
100%
nyski Otmuchów
100%
opolski Ozimek
100%
nyski Paczków
100%
strzelecki Ujazd
100%
strzelecki Zawadzkie
100%
głubczycki Baborów
80%
kluczborski Byczyna
80%
oleski Gorzów Śląski
80%
brzeski Grodków
80%
opolski Niemodlin
80%
opolskie Tułowice
80%
kluczborski Wołczyn
80%
nyski Korfantów
60%
oleski Praszka
60%
opolski Prószków
60%
krapkowicki Strzeleczki
60%
Nie znaleziono quizów pasujących do podanych kryteriów
Rozkład punktacji
Procent ludzi z każdym wynikiem
Percentyl według liczby udzielonych odpowiedzi
Twoja historia wyników
Nie rozwiązałeś tego quizu od ostatniego zresetowania